Hydrogenation catalysts (Record no. 28241)

MARC details
000 -LEADER
fixed length control field 00276nam a2200109Ia 4500
082 ## - DEWEY DECIMAL CLASSIFICATION NUMBER
Classification number 066.097
Item number PET
100 ## - MAIN ENTRY--AUTHOR NAME
Personal name Peterson, Robert J
245 #0 - TITLE STATEMENT
Title Hydrogenation catalysts
260 ## - PUBLICATION, DISTRIBUTION, ETC. (IMPRINT)
Place of publication New Jersey
Name of publisher Noyes Data
Year of publication 1977
942 ## - ADDED ENTRY ELEMENTS (KOHA)
Koha item type Books
Holdings
Withdrawn status Lost status Damaged status Not for loan Home library Current library Date acquired Cost, normal purchase price Full call number Accession Number Koha item type
        RRII Library RRII Library 16/12/2021 36.00 066.097 PET 08848 Books